|
|
|
|
| LEADER |
00000cam a2200000 7i4500 |
| 001 |
0000004474 |
| 005 |
20201109093000.0 |
| 008 |
080907s2005 my eng |
| 020 |
|
|
|a 9789833205127
|
| 020 |
|
|
|a 9833205127
|
| 090 |
0 |
0 |
|a HB615
|b .A2 2005
|
| 100 |
0 |
|
|a Ab. Aziz Yusof ,
|e author
|
| 245 |
1 |
0 |
|a Principles of entrepreneurship
|c Ab. Aziz Yusof, Selvan Perumal, Faizuniah Pangil
|
| 260 |
|
|
|a Petaling Jaya :
|b Pearson Prentice Hall ,
|c c2005
|
| 300 |
|
|
|a 257p. ;
|c 25 cm.
|
| 504 |
|
|
|a Includes bibliographical references (p.189-193) and index
|
| 650 |
|
0 |
|a Entrepreneurship
|
| 650 |
|
0 |
|a Industrial management
|
| 700 |
0 |
|
|a Faizuniah Pangil ,
|e author
|
| 700 |
1 |
|
|a Perumal, Selvan ,
|e author
|
| 999 |
|
|
|a 1000105418
|b Book
|c OPEN SHELF (30 DAYS)
|e Gong Badak Campus
|